00297pab a2200121 454500008004000000100001900040245005000059260000900109300001500118362001200133650001200145773001800157180718b2012 xxu||||| |||| 00| 0 eng d aPinto, Ambrose aA critique of right based policies on justice c2012 ap.244-255. aJul-Sep aJustice aSocial Action